| 000 | 00819nac a22002777a 4500 | ||
|---|---|---|---|
| 001 | BR0502909 | ||
| 003 | BR-BrBNA | ||
| 005 | 20240105123146.0 | ||
| 008 | 230509b bl.|||m| |||| 00| 0 por d | ||
| 040 |
_aBR-BrBNA _bpor _cBiblioteca Nacional de Agricultura |
||
| 072 | _aE51 | ||
| 090 | _aE51 BR0502909 | ||
| 110 | 1 |
_aConfederação Nacional da Agricultura, Brasília, DF (Brasil) _92518 |
|
| 245 | 1 | _aQuem é o agricultor comercial brasileiro? | |
| 260 | 3 |
_aBrasília, DF (Brasil): _c2000. |
|
| 300 | _a26 p. | ||
| 490 |
_aColetânea Estudos Gleba (Brazil) _vno. 12 _x |
||
| 650 | _aPRODUTOR | ||
| 650 | _aPROPRIEDADE RURAL | ||
| 650 | _aRENDA | ||
| 650 | _aASSISTÊNCIA TÉCNICA | ||
| 650 | _aSINDICATO | ||
| 650 | _aCENSO | ||
| 909 |
_a202312 _bLúcia Elande _c55 _dLúcia Elande |
||
| 942 |
_2AGRIS _n0 _cMS |
||
| 999 |
_c294240 _d294240 |
||